00543nam a2200181 a 450000100060000000300090000600800410001502000150005604000280007108200160009910000200011524500950013526000470023030000110027765000210028865000390030965000130034817627CO-ViMGA141112s2004 ck r 000 u spa d a847290072X aCO-ViMGAbspacCO-ViMGA04a323.4 M455e1 aMiller, Marc S.10aEl Estado de los pueblos . Informe sobre los derechos humanos en las sociedades en peligro aBarcelona (España), cBellaterra, c2000 a327.p.14aDERECHOS HUMANOS14aEVALUACION DE LOS DERECHOS HUMANOS14aMINORIAS